00240nam a2200109Ia 4500008004100000041001200041082001100053100002000064245003400084260000600118650000600124221030s9999 xx 000 0 und d aEnglish a105.23 aP. A. Samuelson 0aEconomicscby P. A. Samuelson c0 aB